000 01264nam a2200313 i 4500
003 EG-GICUC
005 20260122090248.0
008 260106s2005 ua ||||f |||| 00| 0 ara d
017 _a2005/3591
040 _a EG-GICUC
_bara
_c EG-GICUC
_d EG-GICUC
_erda
041 _aara
082 0 4 _221
_a345.31
_bم ح . ض
092 0 4 _221
099 _aLaw1 07 345.31 م ح . ض 2005
100 0 _aمحمد عبيد الحساوي القحطاني
_eمؤلف.
245 _aالضبط الإداري في دولة الأمارات العربية المتحدة :
_bالتزام الحدود و حيادية التنفيذ \
_cمحمد عبيد الحساوي القحطاني.
264 1 _aالقاهرة :
_bدار المجد،
_c2005.
300 _a595 ؛صفحة
_c24 سم.
336 _2rda content
_atext
337 _2rda media
_aComputer
338 _2rda carrier
_aOnline Resource
504 _a. 581-555ببليوجرافيا: صفحات.
546 _aالنص أغلبه باللغة العربية بعض النصوص الإنجليزية والفرنسية
650 1 _aالقانون الإداري
_2qrmak
651 1 _2qrmak
856 4 0 _uhttps://fll.law.cu.edu.eg/fulltext/bks/B07-00980.pdf
905 _a74
_eYara
942 _2ddc
_n0
_cBK
_e21
999 _c54941
_d54941